Players to Appear for England since 2020 - Statistics

General Stats
  • This quiz has been taken 36 times
    9 since last reset
  • The average score is 53 of 75
Answer Stats
Player Position Team at Debut Age at Debut Debut % Correct
Dean Henderson GK Manchester United 23 12/11/2020 vs. Republic of Ireland
100%
Harry Kane ST Tottenham Hotspur 21 27/3/2015 vs. Lithuania
100%
Jadon Sancho LW/RW Borussia Dortmund 18 12/10/2018 vs. Croatia
100%
Jordan Henderson CM Sunderland 20 17/11/2010 vs. France
100%
Jordan Pickford GK Everton 23 10/11/2017 vs. Germany
100%
Jude Bellingham CM/AM Borussia Dortmund 17 12/11/2020 vs. Republic of Ireland
100%
Kyle Walker RB Tottenham Hotspur 21 12/11/2011 vs. Spain
100%
Bukayo Saka LW/RW Arsenal 19 8/10/2020 vs. Wales
88%
Declan Rice DM/CM West Ham United 20 22/3/2019 vs. Czech Republic
88%
John Stones CB Everton 20 30/5/2014 vs. Peru
88%
Luke Shaw LB Southampton 18 5/3/2014 vs. Denmark
88%
Marcus Rashford LW/RW/ST Manchester United 18 27/5/2016 vs. Australia
88%
Mason Mount AM Chelsea 20 7/9/2019 vs. Bulgaria
88%
Raheem Sterling LW Liverpool 17 14/11/2012 vs. Sweden
88%
Trent Alexander-Arnold RB Liverpool 19 7/6/2018 vs. Costa Rica
88%
Aaron Ramsdale GK Arsenal 23 15/11/2021 vs. San Marino
75%
Adam Wharton CM Crystal Palace 20 3/6/2024 vs. Bosnia and Herzegovina
75%
Anthony Gordon LW/RW Newcastle United 23 23/3/2024 vs. Brazil
75%
Ben Chilwell LB Leicester City 21 11/9/2018 vs. Switzerland
75%
Ben White CB/RB Brighton & Hove Albion 23 2/6/2021 vs. Austria
75%
Cole Palmer AM/RW Chelsea 21 17/11/2023 vs. Malta
75%
Curtis Jones CM Liverpool 23 14/11/2024 vs. Greece
75%
Dan Burn CB/LB Newcastle United 32 21/3/2025 vs. Albania
75%
Dominic Calvert-Lewin ST Everton 23 8/10/2020 vs. Wales
75%
Eberechi Eze LW/AM Crystal Palace 24 16/6/2023 vs. Malta
75%
Ezri Konsa CB Aston Villa 26 23/3/2024 vs. Brazil
75%
Harry Maguire CB Leicester City 24 8/10/2017 vs. Lithuania
75%
Harvey Barnes LW Leicester City 22 8/10/2020 vs. Wales
75%
Jack Grealish LW Aston Villa 24 8/9/2020 vs. Denmark
75%
Jarrad Branthwaite CB Everton 21 3/6/2024 vs. Bosnia and Herzegovina
75%
Joe Gomez CB Liverpool 20 10/11/2017 vs. Germany
75%
Kalvin Phillips DM Leeds United 24 8/9/2020 vs. Denmark
75%
Kobbie Mainoo CM Manchester United 18 23/3/2024 vs. Brazil
75%
Lewis Hall LB Newcastle United 20 14/11/2024 vs. Greece
75%
Marc Guehi CB Crystal Palace 21 26/3/2022 vs. Switzerland
75%
Michael Keane CB Burnley 24 22/5/2017 vs. Germany
75%
Morgan Gibbs-White CAM Nottingham Forest 24 7/9/2024 vs. Republic of Ireland
75%
Myles Lewis-Skelly LB Arsenal 18 21/3/2025 vs. Albania
75%
Nick Pope GK Burnley 26 7/6/2018 vs. Costa Rica
75%
Ollie Watkins ST Aston Villa 25 25/3/2021 vs. San Marino
75%
Patrick Bamford ST Leeds United 28 5/9/2021 vs. Andorra
75%
Phil Foden LW/AM Manchester City 20 5/9/2020 vs. Iceland
75%
Reece James RB Chelsea 20 8/10/2020 vs. Wales
75%
Rico Lewis LB/RB/CM Manchester City 18 20/11/2023 vs. North Macedonia
75%
Sam Johnstone GK West Bromwich Albion 28 6/6/2021 vs. Romania
75%
Tino Livramento RB Newcastle United 22 17/11/2024 vs. Republic of Ireland
75%
Tyrone Mings CB Aston Villa 26 7/9/2019 vs. Bulgaria
75%
Angel Gomes CAM/CM Lille 24 7/9/2024 vs. Republic of Ireland
63%
Callum Wilson ST Bournemouth 26 15/11/2018 vs. United States
63%
Conor Coady CB Wolverhampton Wanderers 27 8/9/2020 vs. Denmark
63%
Conor Gallagher CM Crystal Palace (on loan from Chelsea) 21 15/11/2021 vs. San Marino
63%
Eddie Nketiah ST Arsenal 24 13/10/2023 vs. Australia
63%
Emile Smith-Rowe AM Arsenal 21 12/11/2021 vs. Albania
63%
Fikayo Tomori CB Chelsea 21 17/11/2019 vs. Kosovo
63%
James Ward-Prowse CM Southampton 22 22/5/2017 vs. Germany
63%
Jarrod Bowen RW West Ham United 25 4/6/2022 vs. Hungary
63%
Kieran Trippier LB/RB Tottenham Hotspur 26 13/6/2017 vs. France
63%
Kyle Walker-Peters LB Southampton 24 26/3/2022 vs. Switzerland
63%
Lewis Dunk CB Brighton & Hove Albion 26 15/11/2018 vs. United States
63%
Morgan Rogers CAM Aston Villa 22 14/11/2024 vs. Greece
63%
Noni Madueke RW Chelsea 22 10/9/2024 vs. Finland
63%
Tyrick Mitchell LB Crystal Palace 22 26/3/2022 vs. Switzerland
63%
Harry Winks CM Tottenham Hotspur 21 8/10/2017 vs. Lithuania
50%
Ivan Toney ST Brentford 27 26/3/2023 vs. Ukraine
50%
James Maddison AM Leicester City 22 14/11/2019 vs. Montenegro
50%
Jesse Lingard AM Manchester United 23 8/11/2016 vs. Malta
50%
Levi Colwill CB/LB Chelsea 20 13/10/2023 vs. Australia
50%
Tammy Abraham ST Swansea City (on loan from Chelsea) 20 10/11/2017 vs. Germany
50%
Taylor Harwood-Bellis CB Southampton 22 17/11/2024 vs. Republic of Ireland
50%
Ainsley Maitland-Niles LB/RB/CM Arsenal 23 8/9/2020 vs. Denmark
38%
Eric Dier CB/CM Tottenham Hotspur 21 13/11/2015 vs. Spain
38%
James Justin LB Leicester City 24 4/6/2022 vs. Hungary
38%
Mason Greenwood RW Manchester United 18 5/9/2020 vs. Iceland
38%
Ben Godfrey CB/RB Everton 23 2/6/2021 vs. Austria
25%
Danny Ings ST Liverpool 23 12/10/2015 vs. Lithuania
13%
No matching quizzes found
Score Distribution
Percent of People with Each Score
Percentile by Number Answered
Your Score History
You have not taken this quiz since the last reset